Catálogo público

Hydroponic gardening : (Record no. 217349)

MARC details
000 -CABECERA
campo de control de longitud fija 00598 a2200193 4500
003 - IDENTIFICADOR DEL NÚMERO DE CONTROL
campo de control OSt
005 - FECHA Y HORA DE LA ÚLTIMA TRANSACCIÓN
campo de control 20230322104602.0
008 - DATOS DE LONGITUD FIJA--INFORMACIÓN GENERAL
campo de control de longitud fija 220726s2015 a||||r|||| 00| 0 eng d
020 ## - NÚMERO INTERNACIONAL ESTÁNDAR DEL LIBRO
Número Internacional Estándar del Libro 9781518612640
040 ## - FUENTE DE LA CATALOGACIÓN
Centro/agencia transcriptor CHAP
082 00 - NÚMERO DE LA CLASIFICACIÓN DECIMAL DEWEY
Número de clasificación 631.582
Número de documento/Ítem H87 2015
Número de edición 22
100 1# - ENTRADA PRINCIPAL--NOMBRE DE PERSONA
9 (RLIN) 186426
Nombre de persona Hughston, Michael
245 10 - MENCIÓN DE TÍTULO
Título Hydroponic gardening :
Resto del título growing vegetables without soil /
Mención de responsabilidad, etc. por Michael Hughston.
250 ## - MENCIÓN DE EDICIÓN
Mención de edición Segunda edición.
264 #4 - PRODUCCIÓN, PUBLICACIÓN, DISTRIBUCIÓN, FABRICACIÓN Y COPYRIGHT
Producción, publicación, distribución, fabricación y copyright Rach Helson LLC ALL rights reserverd :
Fecha de producción, publicación, distribución, fabricación o copyright Copyrigtht,
Nombre del de productor, editor, distribuidor, fabricante 2015.
300 ## - DESCRIPCIÓN FÍSICA
Extensión x,77 páginas.
650 #2 - PUNTO DE ACCESO ADICIONAL DE MATERIA--TÉRMINO DE MATERIA
9 (RLIN) 145364
Término de materia o nombre geográfico como elemento de entrada Cultivos hidropónicos
942 ## - ELEMENTOS DE PUNTO DE ACCESO ADICIONAL (KOHA)
Fuente del sistema de clasificación o colocación Dewey Decimal Classification
Tipo de ítem Koha Libro
Holdings
Estado de retiro Estado de pérdida Fuente del sistema de clasificación o colocación Estado dañado Restricciones de uso No para préstamo Código de colección Localización permanente Ubicación/localización actual Ubicación en estantería Fecha de adquisición Total de préstamos Signatura topográfica completa Código de barras Fecha visto por última vez Precio válido a partir de Tipo de ítem Koha Número de copia
    Dewey Decimal Classification   Préstamo 15 días   General Biblioteca Central Biblioteca Central Planta principal - Colección General 15/03/2023   631.582 H87 2015 33724002566314 15/03/2023 15/03/2023 Libro  
    Dewey Decimal Classification   Préstamo 15 días   General Biblioteca Central Biblioteca Central Planta principal - Colección General 15/03/2023   631.582 H87 2015 33724002566272 15/03/2023 15/03/2023 Libro c.2